000 00948nam a2200277 i 4500
003 EG-GICUC
005 20260121101215.0
008 251112s1923 ua ||||fr|||| 00| 0 ara d
040 _a EG-GICUC
_bara
_c EG-GICUC
_d EG-GICUC
_erda
041 0 _aara
082 0 4 _221
_a345
_bم ص . م
092 0 4 _221
099 _aLaw1 07 345 م ص . م 1923
100 0 _aمصطفى الصادق
_eمؤلف.
245 1 0 _aمبادئ القانون الإداري المصري والمقارن /
_cمصطفى الصادق.
264 3 _aالقاهرة :
_bالمطبعة السلفية،
_c1923.
300 _a288 ؛صفحة
_c24 سم.
336 _2rda content
_atext
337 _2rda media
_aComputer
338 _2rda carrier
_aOnline Resource
546 _aالنص باللغة العربية
650 1 4 _aالقانون الإداري
856 4 0 _uhttps://fll.law.cu.edu.eg/fulltext/bks/B07-00607.pdf
905 _a32
942 _2ddc
_cBK
_e21
_n0
999 _c42913
_d42913